| 000 | 00841nam a2200205 a 4500 | ||
|---|---|---|---|
| 008 | 081210s2007 ||||||||||||||||| || u | ||
| 020 | _a1592215734 | ||
| 050 | _aHF 1611 Afri | ||
| 100 | _aOyejide, Ademola | ||
| 245 | 1 | 0 |
_aAfrica and the world trading system, volume 2: country case studies _cedited by Ademola Oyejide and Dominique Njinkeu |
| 260 |
_aTrenton _bAfrica World Press _c2007 |
||
| 300 | _aiii, 432p.: ill. | ||
| 350 | _a0.00 | ||
| 650 | 0 | _aINTERNATIONAL ECONOMIC RELATIONS--HANDBOOKS, MANUALS, E.T.C | |
| 650 | _aAFRICA--COMMERCE | ||
| 650 | _aTRADE POLICY--ZIMBABWE | ||
| 650 | 0 | _aAFRICA--COMMERCIAL POLICY | |
| 700 | _aNjinkeu, Dominique | ||
| 995 |
_D175000.00 _FCBU-MAIN LIBRARY (Kitwe) _H1 _I0.00 _M1 _UAVAILABLE _WDec 10, 2008 _ZMain Library Open Access Collection |
||
| 999 |
_c33674 _d33674 |
||